|
|
|
|
| LEADER |
00000nam2a2200000 4500 |
| 001 |
190291 |
| 005 |
20231031175748.0 |
| 035 |
|
|
|a (RuTPU)RU\TPU\book\207278
|
| 090 |
|
|
|a 190291
|
| 100 |
|
|
|a 20110120d1910 km y0rusy50 ca
|
| 101 |
0 |
|
|a rus
|
| 102 |
|
|
|a RU
|
| 105 |
|
|
|a a z 000zy
|
| 200 |
0 |
|
|a [№ 3]: в 1909 году
|
| 210 |
|
|
|a Екатеринослав
|c Типография Губернского Земства
|d 1910
|
| 215 |
|
|
|a 51 с.
|c ил.
|
| 461 |
|
1 |
|0 (RuTPU)RU\TPU\book\209890
|t Успехи прокатного дела
|o ежегодник
|f ред.-издатель А. Ф. Родзевич-Белевич
|v [№ 3]: в 1909 году
|d 1910-1914
|
| 610 |
1 |
|
|a прокатное дело
|
| 610 |
1 |
|
|a прокатные двигатели
|
| 610 |
1 |
|
|a измерения
|
| 610 |
1 |
|
|a измерительные приборы
|
| 610 |
1 |
|
|a калибровка
|
| 610 |
1 |
|
|a прокатные приводы
|
| 610 |
1 |
|
|a журнальные тексты
|
| 610 |
1 |
|
|a журнальные статьи
|
| 610 |
1 |
|
|a обзоры
|
| 675 |
|
|
|a 621.771
|v 3
|
| 801 |
|
1 |
|a RU
|b 63413507
|c 20110120
|
| 801 |
|
2 |
|a RU
|b 63413507
|c 20110301
|g RCR
|
| 942 |
|
|
|c BK
|